<?xml version="1.0" encoding="UTF-8"?>
<record
    xmlns:xsi="http://www.w3.org/2001/XMLSchema-instance"
    xsi:schemaLocation="http://www.loc.gov/MARC21/slim http://www.loc.gov/standards/marcxml/schema/MARC21slim.xsd"
    xmlns="http://www.loc.gov/MARC21/slim">

  <leader>00545    a2200181   4500</leader>
  <controlfield tag="003">OSt</controlfield>
  <controlfield tag="005">20231204143702.0</controlfield>
  <controlfield tag="008">220702b           ||||| |||| 00| 0 eng d</controlfield>
  <datafield tag="020" ind1=" " ind2=" ">
    <subfield code="a">819044109</subfield>
  </datafield>
  <datafield tag="040" ind1=" " ind2=" ">
    <subfield code="c">oclc</subfield>
  </datafield>
  <datafield tag="082" ind1=" " ind2=" ">
    <subfield code="a">570.15195</subfield>
    <subfield code="b">KHA/F</subfield>
  </datafield>
  <datafield tag="100" ind1="1" ind2=" ">
    <subfield code="9">9042</subfield>
    <subfield code="a">Khan, Irfan Ali</subfield>
  </datafield>
  <datafield tag="245" ind1=" " ind2=" ">
    <subfield code="a">Fundamentals of Biostatistics /</subfield>
    <subfield code="c">Khan and Khanum, Shiba Khan</subfield>
  </datafield>
  <datafield tag="250" ind1=" " ind2=" ">
    <subfield code="a">6th rev. ed.</subfield>
  </datafield>
  <datafield tag="260" ind1=" " ind2=" ">
    <subfield code="a">Hyderabad:</subfield>
    <subfield code="b">Ukaaz Publications,</subfield>
    <subfield code="c">2020</subfield>
  </datafield>
  <datafield tag="300" ind1=" " ind2=" ">
    <subfield code="a">1020 pages</subfield>
  </datafield>
  <datafield tag="942" ind1=" " ind2=" ">
    <subfield code="2">ddc</subfield>
    <subfield code="c">BK</subfield>
    <subfield code="h">570.15195</subfield>
    <subfield code="i">KHA/F</subfield>
    <subfield code="k">570.15195</subfield>
    <subfield code="m">KHA/F</subfield>
  </datafield>
  <datafield tag="952" ind1=" " ind2=" ">
    <subfield code="0">0</subfield>
    <subfield code="1">0</subfield>
    <subfield code="2">ddc</subfield>
    <subfield code="4">0</subfield>
    <subfield code="7">0</subfield>
    <subfield code="8">BOTANY</subfield>
    <subfield code="a">MES</subfield>
    <subfield code="b">MES</subfield>
    <subfield code="c">BOTANY</subfield>
    <subfield code="d">2022-07-15</subfield>
    <subfield code="e">35</subfield>
    <subfield code="g">787.00</subfield>
    <subfield code="l">11</subfield>
    <subfield code="m">10</subfield>
    <subfield code="o">570.15195 KHA/F</subfield>
    <subfield code="p">41489</subfield>
    <subfield code="r">2024-02-07 13:51:37</subfield>
    <subfield code="s">2024-01-11</subfield>
    <subfield code="t">1</subfield>
    <subfield code="v">787.00</subfield>
    <subfield code="w">2022-07-15</subfield>
    <subfield code="y">BK</subfield>
    <subfield code="z">GL18R4</subfield>
  </datafield>
  <datafield tag="952" ind1=" " ind2=" ">
    <subfield code="0">0</subfield>
    <subfield code="1">0</subfield>
    <subfield code="2">ddc</subfield>
    <subfield code="4">0</subfield>
    <subfield code="7">0</subfield>
    <subfield code="8">BOTANY</subfield>
    <subfield code="a">MES</subfield>
    <subfield code="b">MES</subfield>
    <subfield code="c">BOTANY</subfield>
    <subfield code="d">2023-11-22</subfield>
    <subfield code="l">0</subfield>
    <subfield code="o">570.15195 KHA/F</subfield>
    <subfield code="p">43544</subfield>
    <subfield code="r">2023-11-22 12:03:59</subfield>
    <subfield code="t">2</subfield>
    <subfield code="v">950.00</subfield>
    <subfield code="w">2023-11-22</subfield>
    <subfield code="y">BK</subfield>
    <subfield code="z">GL18R4</subfield>
  </datafield>
  <datafield tag="952" ind1=" " ind2=" ">
    <subfield code="0">0</subfield>
    <subfield code="1">0</subfield>
    <subfield code="2">ddc</subfield>
    <subfield code="4">0</subfield>
    <subfield code="7">0</subfield>
    <subfield code="8">ZOOLOGY</subfield>
    <subfield code="a">MES</subfield>
    <subfield code="b">MES</subfield>
    <subfield code="c">ZOO</subfield>
    <subfield code="d">2023-11-27</subfield>
    <subfield code="l">3</subfield>
    <subfield code="m">4</subfield>
    <subfield code="o">570.15195 KHA/F</subfield>
    <subfield code="p">43878</subfield>
    <subfield code="r">2025-08-16 11:29:54</subfield>
    <subfield code="s">2025-07-02</subfield>
    <subfield code="t">3</subfield>
    <subfield code="v">950.00</subfield>
    <subfield code="w">2023-11-27</subfield>
    <subfield code="y">BK</subfield>
    <subfield code="z">GL19R1</subfield>
  </datafield>
  <datafield tag="999" ind1=" " ind2=" ">
    <subfield code="c">41478</subfield>
    <subfield code="d">41478</subfield>
  </datafield>
</record>
